| 000 | 01436cam a2200349 a 4500 | ||
|---|---|---|---|
| 001 | 15178614 | ||
| 005 | 20080723073219.0 | ||
| 008 | 080212s2008 caua b 001 0 eng | ||
| 010 | _a 2008006270 | ||
| 020 | _a9781412955447 (cloth) | ||
| 020 | _a1412955440 (cloth) | ||
| 020 | _a9781412955454 (pbk.) | ||
| 020 | _a1412955459 (pbk.) | ||
| 035 | _a(OCoLC)ocn192109691 | ||
| 035 |
_a(OCoLC)192109691 _z(OCoLC)191728046 _z(OCoLC)191728048 |
||
| 040 |
_aDLC _cDLC _dBAKER _dYDXCP _dBTCTA _dC#P _dBWX _dDLC |
||
| 050 | 0 | 0 |
_aLB1060 _b.S695 2008 |
| 082 | 0 | 0 |
_a370.1523 _222 _bSPR |
| 100 | 1 |
_aSprenger, Marilee _d1949- _95078 |
|
| 245 | 1 | 0 |
_aDifferentiation through learning styles and memory / _cMarilee Sprenger. |
| 250 | _a2nd ed. | ||
| 260 |
_aThousand Oaks, CA : _bCorwin Press, _cc2008. |
||
| 300 |
_axvii, 165 p. : _bill. ; _c26 cm. |
||
| 504 | _aIncludes bibliographical references and index. | ||
| 650 | 0 |
_aLearning. _95079 |
|
| 650 | 0 |
_aMemory. _95080 |
|
| 650 | 0 |
_aBrain. _95081 |
|
| 856 | 4 | 1 |
_3Table of contents _uhttp://www.loc.gov/catdir/toc/fy0804/2008006270.html |
| 942 |
_2ddc _cBB |
||
| 999 |
_c11605 _d11605 |
||